LEADER 00847cam0-2200313---450- 001 990005067760403321 005 20090525131525.0 035 $a000506776 035 $aFED01000506776 035 $a(Aleph)000506776FED01 035 $a000506776 100 $a19990604d1969----km-y0itay50------ba 101 0 $aeng 102 $aGB 105 $ay-------001yy 200 1 $a<>linguistic guide to english poetry$fGeoffrey N. Leech 210 $aLondon$cLongman$dc1969 215 $aXV, 240 p.$d22 cm 610 0 $aLingua inglese$aMetrica 676 $a821.009 676 $a851.009 700 1$aLeech,$bGeoffrey$f<1936-2014> 801 0$aIT$bUNINA$gRICA$2UNIMARC 901 $aBK 912 $a990005067760403321 952 $a821.009 LEE 1$fFLFBC 959 $aFLFBC 996 $aLinguistic guide to English poetry$9132791 997 $aUNINA LEADER 00925nam0 22002531i 450 001 UON00036928 005 20231205102127.662 100 $a20020107d1958 |0itac50 ba 101 $achi 102 $aCN 105 $a|||| 1|||| 200 1 $a600 million build industry$fs.n 210 $aPeking$cForeign Languages Press$d1954 215 $a148 p.$cill.$d19 cm 606 $aEconomia industriale$xCina$xStoria$3UONC010376$2FI 620 $aCN$dBeijing$3UONL000457 686 $aCIN XII$cCINA - ECONOMIA$2A 712 $aForeign Languages Press$3UONV246351$4650 801 $aIT$bSOL$c20250718$gRICA 899 $aSIBA - SISTEMA BIBLIOTECARIO DI ATENEO$2UONSI 912 $aUON00036928 950 $aSIBA - SISTEMA BIBLIOTECARIO DI ATENEO$dSI CIN XII 286 N $eSI SA 82607 5 286 N 996 $a600 million build industry$91193431 997 $aUNIOR LEADER 01604nam0 22004093i 450 001 MIL0132471 005 20251003044225.0 010 $a9788855515498 100 $a20020515d1982 ||||0itac50 ba 101 | $aita 102 $ait 181 1$6z01$ai $bxxxe 182 1$6z01$an 183 1$6z01$anc$2RDAcarrier 200 1 $aPrincipi di topografia$fGiorgio Folloni 205 $a2. ed 210 $aBologna$cPatron$d1982 215 $aX, 394 p.$cill.$d24 cm. 225 | $aIngegneria applicata$v1 312 $aTit. sul dorso: Topografia$9CFI0118102 410 0$1001MIL0132472$12001 $aIngegneria applicata$v1 517 1 $aTopografia$9CFI0118102 606 $aTopografia$2FIR$3CFIC007277$9E 676 $a526.8$9CARTOGRAFIA E TOPOGRAFIA$v21 676 $a526.9$9Geografia matematica. Rilevamenti$v14 676 $a526.9$9GEOGRAFIA MATEMATICA. Rilevamenti$v22 700 1$aFolloni$b, Giorgio$3VEAV026560$4070$07427 801 3$aIT$bIT-000000$c20020515 850 $aIT-BN0095 $aIT-NA0079 901 $bNAP BN$cMAGAZZINO $nmagazzini correnti divisi per anni 901 $bNAP 01$cSALA $n$ 901 $bNAP 01$cSALA DING $n$ 912 $aMIL0132471 950 0$aBiblioteca Centralizzata di Ateneo$c1 v.$d 01SALA 526 FOL.pr$e 0104 0000006845 VMA 1 v.$fA $h20070925$i20070925$c1 v.$d 01SALA DING 526.9 FOL.pr$e 0102 0000038345 VMA A4 1 v. (4. rist. 2000)$fY $h20010706$i20010706 977 $a 01$a BN 996 $aPrincipi di topografia$951677 997 $aUNISANNIO